书目信息 |
| 题名: |
实变函数论
|
|
| 作者: | 曹广福 编 | |
| 分册: | ||
| 出版信息: | 北京 高等教育出版社 2000 |
|
| 页数: | 207页 | |
| 开本: | 21cm | |
| 丛书名: | ||
| 单 册: | ||
| 中图分类: | O174.1 | |
| 科图分类: | ||
| 主题词: | 实变函数论--高等学校 | |
| 电子资源: | ||
| ISBN: | 7-04-008691-3 | |
| 000 | 00877nam0 2200229 45 | |
| 001 | 0900000006435 | |
| 005 | 20060929105458.24 | |
| 010 | @a7-04-008691-3@dCNY12.00 | |
| 100 | @a20040625e20022000ekmy0chiy0120 ea | |
| 101 | 0 | @achi |
| 102 | @aCN@b110000@aDE | |
| 105 | @ay az 001yy | |
| 200 | 1 | @a实变函数论@Ashi bian han shu lun@f曹广福编@FCao Guang Fu Bian |
| 210 | @a北京@c高等教育出版社@a海德堡@c施普林格出版社@d2000 | |
| 215 | @a207页@d21cm | |
| 300 | @a中华人民共和国教育部创名牌课程项目,四川大学重点教材项目联合资助 | |
| 330 | @a本书系统地介绍了实变函数的基础知识。全书共分五章:集合论,测度论,可测函数,Lebesgue积分,以及抽象测度与积分,其中,前四章是必学内容,授完约需60学时,第五章属选学内容,可用12-16学时讲完。 | |
| 606 | 0 | @a实变函数论@x高等学校 |
| 690 | @aO174.1@v4 | |
| 701 | 0 | @a曹广福@4编 |
| 801 | 0 | @aCN@bCXYBOOK@c20060929 |
| 905 | @a10447@dO174.1@e123 | |
| 实变函数论/曹广福编.-北京:高等教育出版社;海德堡:施普林格出版社,2000 |
| 207页;21cm |
| 中华人民共和国教育部创名牌课程项目,四川大学重点教材项目联合资助 |
| ISBN 7-04-008691-3:CNY12.00 |
| 本书系统地介绍了实变函数的基础知识。全书共分五章:集合论,测度论,可测函数,Lebesgue积分,以及抽象测度与积分,其中,前四章是必学内容,授完约需60学时,第五章属选学内容,可用12-16学时讲完。 |
| ● |
| 相关链接 |
|
|
|
|
正题名:实变函数论
索取号:O174.1/123
 
预约/预借
| 序号 | 登录号 | 条形码 | 馆藏地/架位号 | 状态 | 备注 |
| 1 | 0357499 | 3574992 | 第二样本阅览室/ [索取号:O174.1/123] | 在馆 | |
| 2 | 0367327 | 203673275 | 第三借阅区/ [索取号:O174.1/123] | 在馆 | |
| 3 | 0367328 | 203673284 | 第三借阅区/ [索取号:O174.1/123] | 在馆 | |
| 4 | 0367329 | 203673293 | 第三借阅区/ [索取号:O174.1/123] | 在馆 | |
| 5 | 0367330 | 203673300 | 第三借阅区/ [索取号:O174.1/123] | 在馆 | |
| 6 | 0367331 | 203673319 | 第三借阅区/ [索取号:O174.1/123] | 在馆 | |
| 7 | 0499929 | 204999298 | 密集书库/ [索取号:O174.1/123] | 在馆 |